Statystyki dla Kadra Niemiec na Mistrzostwa Europy 2021

Kliknij tutaj aby rozwiązać quiz!

Ogólne statystyki

  • Ten quiz został rozwiązany 16 razy
  • Średni wynik to 13 z 26

Statystyki odpowiedzi

pozycjagracz% Poprawnych
BramkaManuel Neuer
100%
Pomoc/atakThomas Müller
86%
Pomoc/atakKai Havertz
79%
Pomoc/atakLeon Goretzka
79%
Pomoc/atakLeroy Sané
79%
ObronaMats Hummels
79%
Pomoc/atakSerge Gnabry
79%
ObronaAntonio Rüdiger
71%
BramkaBernd Leno
71%
Pomoc/atakJoshua Kimmich
71%
Pomoc/atakIlkay Gündogan
64%
Pomoc/atakJamal Musiala
64%
Pomoc/atakTimo Werner
64%
Pomoc/atakToni Kroos
64%
ObronaNiklas Süle
57%
BramkaKevin Trapp
50%
ObronaRobin Gosens
43%
Pomoc/atakEmre Can
21%
Pomoc/atakJonas Hofmann
21%
ObronaMatthias Ginter
21%
ObronaChristian Günter
14%
Pomoc/atakFlorian Neuhaus
14%
ObronaLukas Klostermann
14%
ObronaRobin Koch
14%
Pomoc/atakKevin Volland
7%
ObronaMarcel Halstenberg
0%

Rozkład punktacji

Percentyl według liczby udzielonych odpowiedzi

Procent ludzi z każdym wynikiem

Twoja historia wyników

Nie rozwiązałeś tego quizu